La casa del crimen /
Violeta tiene once años y debe seguir a su madre, que decide llevarla a vivir a un pueblo pequeño, lejos de su padre y de la modernidad, sin darle ninguna explicación. Allí conoce a Lautaro, un niño de su edad, quien se transforma en su único amigo. Juntos recorren el pueblo y él la lleva a conocer...
Guardado en:
| Autor Principal: | |
|---|---|
| Otros Autores: | |
| Formato: | Libro |
| Idioma: | Undetermined |
| Publicado: |
Buenos Aires :
Ministerio de Educación,
2014.
|
| Edición: | 1a. ed. |
| Series: | Colecciones de aula
|
| Materias: | |
| Etiquetas: |
Agregar Etiqueta
Sin Etiquetas, Sea el primero en etiquetar este registro!
|
| LEADER | 01419nam a22002175a 4500 | ||
|---|---|---|---|
| 001 | CEM.cems020282 | ||
| 008 | 230801s2014####ag############000#0#und#d | ||
| 005 | 20230801193913.0 | ||
| 245 | 1 | 0 | |a La casa del crimen / |c Alicia Barberis; ilustrado por Roger Ycaza. |
| 250 | |a 1a. ed. | ||
| 260 | |a Buenos Aires : |b Ministerio de Educación, |c 2014. | ||
| 300 | |a 128 p. | ||
| 490 | 1 | |a Colecciones de aula | |
| 520 | |a Violeta tiene once años y debe seguir a su madre, que decide llevarla a vivir a un pueblo pequeño, lejos de su padre y de la modernidad, sin darle ninguna explicación. Allí conoce a Lautaro, un niño de su edad, quien se transforma en su único amigo. Juntos recorren el pueblo y él la lleva a conocer un bosque milenario y una casa abandonada, rodeada de misterios, a la que todos llaman la casa del crimen. Al mismo tiempo, y poco a poco, Violeta irá descubriendo episodios desconocidos de la vida de su familia, algunos de ellos ligados a la historia reciente del país, y desentrañará junto a Lautaro el enigma de "La casa del crimen". Los niños se convertirán así en los protagonistas de los grandes cambios que sucederán en el lugar. | ||
| 020 | |a 9789872903633 | ||
| 100 | 1 | |a Barberis, Alicia. | |
| 700 | 1 | |a Ycaza, Roger; il. | |
| 653 | |a Literatura argentina | ||
| 653 | |a Literatura infantil | ||
| 653 | |a Novela infantil | ||
| 859 | |a CEMS |b BIB. CEMS - Inicial y Primaria |h A863.4 |i B233 |k IP |p 5534 |t Ej.1 | ||
